Vocabulaire anglais n°3 - Statistiques

Statistiques générales
  • Ce quiz a été pris 593 fois
  • Le résultat moyen est 9 sur 20
Statistiques - réponses
Hint Réponse % Correct
les cheveux the hair
94%
un touriste a tourist
89%
une oreille an ear
86%
une chaussette a sock
86%
le dos the back
84%
violet purple
82%
voyager to travel
58%
doré golden
55%
des bagages luggage
51%
une croisière a cruise
45%
le foie the liver
32%
la taille (partie du corps) the waist
26%
une manche a sleeve
25%
être en vacances to be on holiday
24%
ocre ochre
14%
un chemisier a blouse
8%
bordeaux burgundy
7%
cramoisi crimson
7%
un smoking a dinner jacket
3%
une salopette dungarees
3%
Aucun quiz correspondant
Distribution des résultats
% des personnes avec chaque résultat
Percentile par nombre de réponses
Votre historique - résultats
Vous n’avez pas pris ce quiz